000
00292nam a22001337a 4500
008
190227b xxu||||| |||| 00| 0 eng d
020
_a
1111351643
041
_a
eng
080
_2
2nd
_a
371
100
_a
25
101
_a
EDU
245
_a
100% Student Success
_c
Solomon, A
942
_2
udc
_c
BK
999
_c
54382
_d
54382